000 00644nam a2200241Ia 4500
003 OSt
005 20220926022945.0
006 a|||||r|||| 00| 0
007 ta
008 220923b |||||||| |||| 00| 0 eng d
020 _a0745003273
037 _cGeneral Book
040 _aRTL
_cRTL
_beng
041 _2eng
_aeng
082 _aX755.791.N8, M8
100 _aGriffith-Jones S
_9328485
245 0 _aManaging world debt
260 _aNew York
_bWheatsheaf
_c1988
300 _axvii,380p
_ccm.
650 _aForeign Loan
942 _hX755.791.N8, M8
_cGB
_2CC
999 _c640654
_d640654